| 000 | 00801nam a2200253 a 4500 | ||
|---|---|---|---|
| 001 | BRCA_7914 | ||
| 005 | 20190320210042.0 | ||
| 008 | 170214s1963----gw-a######---#000-0#ger-# | ||
| 041 | _ager | ||
| 044 | _agw | ||
| 050 | 4 |
_aNB190 _b.E97 1963 |
|
| 245 | 1 | 0 |
_aEuropaische plastik der spatgotik und renaissance _chrgs. von Harald Busch und Bernd Lohse ; einleitung und Bilderlauterungen von Hans Weigert. |
| 260 |
_aFráncfort del Meno _bUmschau _cc1963 |
||
| 300 |
_axxxi p. _bil., 224 láminas _c27 cm. |
||
| 500 | _aY214 | ||
| 650 | 1 | 4 |
_aEscultura gótica _92039 |
| 650 | 1 | 4 |
_aEscultura renacentista _97758 |
| 650 | 1 | 4 |
_aEscultura _zEuropa _919575 |
| 700 | 1 |
_aBusch, Harald _eed. _919576 |
|
| 700 | 1 |
_aLohse, Bernd _eed. _919577 |
|
| 700 | 1 |
_aWeigert, Hans _910295 |
|
| 902 | _aGFM | ||
| 942 |
_2lcc _cB |
||
| 999 |
_c7586 _d7586 |
||